000
00321nam a22001217a 4500
008
160430b xxu||||| |||| 00| 0 eng d
020
_a
9781578811991
020
_a
9781578811991
041
_a
eng
080
_a
612.39
245
_a
Present knowledge in nutrition:
_c
Barbara A. Bowman; Robert M. Russell;
942
_2
udc
_c
BK
999
_c
1718
_d
1718